1341 1528 1108 1684 1376 1331 1264 1191 1239 1309 1347 1644 1418 1702 1908 1536 1600 1759 1782 1344 1288 1938 1690 1735 1570 1776 1868 1295 1115 1501 1337 1271 1101 1645 1472 1042 1664 1312 1108 1283 1090 1595 1479 1244 1888 1617 1783 1161 1919 1769 1796 1151 1791 1813 1510 1578 1154 1558 1062 1228 1547 1175 1734 1214 1142 1042 1794 1397 1657 1484 1305 1767 1234 1093 1126 1247 1166 1002 1759 1552 1198 1839 1790 1577 1445 1614 1122 1210 1705 1655 1625 1504 1325 1692 1724 1985 1840 1915 1059 BCNSPRNW ULIB Ver.6.0+V

เปลี่ยนเป็นภาษาไทย

Change to English
 แสดงรายละเอียดบรรณานุกรม
  กลับหน้าหลัก

Brief Record : Get Marc (ISO 2709) : E-mail record : QR code < ปิดหน้าต่าง
LEADER : 00000nam 2200000uu 4500
001    13399124157
003     ULIB
008    150122s2555||||th 000 0 tha d
020    ^a9786165056724
050  4 ^aHD58^bส719พ ล.2
110    ^aมหาวิทยาลัยสุโขทัยธรรมาธิราช.^bสาขาวิชาพยาบาลศาสตร์.
245    ^aเอกสารการสอนชุดวิชา พฤติกรรมมนุษย์ในองค์การ หน่วยที่ 8-15 =^bHuman Behavior in Organization./^cสาขาวิชาพยาบาลศาสตร์ มหาวิทยาลัยสุโขทัยธรรมาธิราช
250    ^aพิมพ์ครั้งที่ 2
260    ^aกรุงเทพฯ :^bสาขาวิชาพยาบาลศาสตร์ มหาวิทยาลัยสุโขทัยธรรมาธิราช,^c2555
300    ^a2 เล่ม ;^b29.5 ซม.
650  7 ^aพฤติกรรมมนุษย์
650  7 พฤติกรรมองค์การ
945    ^p0^l0^i038725
945    ^p0^l0^i038726
999    ^aเกษร โพธิ์สุวรรณ
รายการนี้ยังไม่มีแท็ก
คุณยังไม่ได้ล็อกอิน คุณสามารถมีกิจกรรมร่วมกับเว็บไซต์ได้ แต่ต้องล็อกอินก่อน ::
  ล็อกอิน

รายการสื่อสารสนเทศ

ลำดับที่ ประเภท เลขเรียก/บาร์โค้ด สถานที่ สถานะ
1. การศึกษาทั่วไป
หนังสือสำรอง
สถานะ=หนังสือสำรอง
HD58 ส719พ ล.2 ฉ.1 
  Barcode: 038725
ห้องสมุดวิทยาเขตสวรรค์ประชารักษ์
►หนังสือทั่วไป
บนชั้น
2. การศึกษาทั่วไป
การศึกษาทั่วไป
HD58 ส719พ ล.2 ฉ.2 
  Barcode: 038726
ห้องสมุดวิทยาเขตสวรรค์ประชารักษ์
►หนังสือทั่วไป
ถูกยืม กำหนดส่งวันที่ 25 เมษายน 2569
  จอง

รายการใกล้เคียง
    หัวเรื่อง [พฤติกรรมมนุษย์]
    หัวเรื่อง [พฤติกรรมองค์การ]

BibComment


ยังไม่เคยถูกคอมเมนท์

คอมเมนท์ทรัพยากรรายการนี้
  คอมเมนท์: เอกสารการสอนชุดว..


 Copyright 2026. Bcnsprnw @Library